<?xml version='1.0' encoding='UTF-8'?>
  <record xmlns="http://www.loc.gov/MARC21/slim">
    <leader>00000cam a2200000Mi 4500</leader>
    <controlfield tag="001">ocm63458735</controlfield>
    <controlfield tag="003">OCoLC</controlfield>
    <controlfield tag="005">20240202180208.2</controlfield>
    <controlfield tag="008">820819s1859    ne       m    000 0 dut d</controlfield>
    <datafield tag="040" ind1=" " ind2=" ">
      <subfield code="a">NLGGC</subfield>
      <subfield code="b">dut</subfield>
      <subfield code="e">fobidrtb</subfield>
      <subfield code="c">NLGGC</subfield>
      <subfield code="d">BEATB</subfield>
      <subfield code="d">OCLCQ</subfield>
      <subfield code="d">OCLCO</subfield>
      <subfield code="d">OCLCL</subfield>
    </datafield>
    <datafield tag="029" ind1="0" ind2=" ">
      <subfield code="a">NLGGC</subfield>
      <subfield code="b">822124890</subfield>
    </datafield>
    <datafield tag="035" ind1=" " ind2=" ">
      <subfield code="a">(OCoLC)63458735</subfield>
    </datafield>
    <datafield tag="100" ind1="1" ind2=" ">
      <subfield code="a">Domela Nieuwenhuis, Jacob</subfield>
      <subfield code="q">(Jacobus),</subfield>
      <subfield code="d">1836-1924.</subfield>
      <subfield code="1">https://id.oclc.org/worldcat/entity/E39PBJqKfGyXHK9ky6WY7gDcyd</subfield>
    </datafield>
    <datafield tag="245" ind1="1" ind2="3">
      <subfield code="a">De straf der afzonderlijke opsluiting, historisch en kritisch beschouwd, vooral in hare betrekking tot ons vaderland /</subfield>
      <subfield code="c">door J. Domela Nieuwenhuis.</subfield>
    </datafield>
    <datafield tag="246" ind1="3" ind2=" ">
      <subfield code="a">Dissertatio historico-juridica inauguralis de carcere cellulari</subfield>
    </datafield>
    <datafield tag="246" ind1="3" ind2=" ">
      <subfield code="a">De carcere cellulari</subfield>
    </datafield>
    <datafield tag="260" ind1=" " ind2=" ">
      <subfield code="a">Amsterdam :</subfield>
      <subfield code="b">J.H. Gebhard,</subfield>
      <subfield code="c">1859.</subfield>
    </datafield>
    <datafield tag="300" ind1=" " ind2=" ">
      <subfield code="a">XVI, 212 p. ;</subfield>
      <subfield code="c">24 cm</subfield>
    </datafield>
    <datafield tag="500" ind1=" " ind2=" ">
      <subfield code="a">Met 2e titelblad i.h. Latijn: Dissertatio historico-juridica inauguralis de carcere cellulari.</subfield>
    </datafield>
    <datafield tag="502" ind1=" " ind2=" ">
      <subfield code="a">Proefschrift Utrecht.</subfield>
    </datafield>
    <datafield tag="504" ind1=" " ind2=" ">
      <subfield code="a">Met Latijnse titelpagina.</subfield>
    </datafield>
    <datafield tag="651" ind1=" " ind2="4">
      <subfield code="a">Nederland</subfield>
      <subfield code="0">(BE-AnANE)a::91.492:1</subfield>
    </datafield>
    <datafield tag="758" ind1=" " ind2=" ">
      <subfield code="a">De straf der afzonderlijke opsluiting historisch en kritisch beschouwd, vooral in hare betrekking tot ons vaderland (Text)</subfield>
      <subfield code="1">https://id.oclc.org/worldcat/entity/E39PCYdgBTbh6wPwctXvbWcJcK</subfield>
      <subfield code="4">https://id.oclc.org/worldcat/ontology/hasWork</subfield>
    </datafield>
    <datafield tag="776" ind1="0" ind2=" ">
      <subfield code="t">De straf der afzonderlijke opsluiting, historisch en kritisch beschouwd, vooral in hare betrekking tot ons vaderland</subfield>
      <subfield code="w">(NL-LeOCL)35465375X</subfield>
      <subfield code="w">(OCoLC)825729599</subfield>
    </datafield>
  </record>